000 00393 a2200121 4500
020 _a9780309099394
022 _a19359802
082 _a363.125 HAL
100 _aHall, Jim
245 _aACRP Report 3 Analysis of Aircraft Overruns and Undershoots for Runway Safety Areas /
_cJim Hall....[et al]
260 _aWashington :
_bTransportation Research Board,
_c2008
300 _a50p. :
_bill. ;
_c30 cm
650 _aRunway Safety
999 _c2211
_d2211